| 000 | 00000nam##2200000za#4500 |
| 001 | 9.694142 |
| 003 | CaOODSP |
| 005 | 20220901140051 |
| 007 | cr ||||||||||| |
| 008 | 150407|2006||||xxc|||||o f|0| 0 eng|d |
| 040 | |aCaOODSP|beng |
| 043 | |an-cn--- |
| 086 | 1 |aJ4-12/2006E-PDF |
| 110 | 1 |aCanada.|bJustice Canada. |
| 245 | 10|aOffender profile and recidivism among domestic violence offenders in Ontario / |h[electronic resource]|c[by] Nathalie Quann. |
| 260 | |aOttawa - Ontario : |bJustice Canada |cMay 2006. |
| 300 | |a51p.|btables |
| 504 | |aBibliography. |
| 590 | |a11-02-Supp|b2011-01-27 |
| 690 | 07|aFamily violence|2gcpds |
| 690 | 07|aJustice system|2gcpds |
| 720 | 1 |aQuann, Nathalie |
| 775 | 08|tProfil des contrevenants et récidive chez les auteurs d'actes de violence conjugale en Ontario / |w(CaOODSP)9.638323 |
| 856 | 40|ahttp://publications.gc.ca|qPDF|s627 KB|uhttps://publications.gc.ca/collections/collection_2010/justice/J4-12-2006-eng.pdf |
| 986 | |arr06-fv3e |